| 000 | 01227cam a2200481 4500500 | ||
|---|---|---|---|
| 005 | 20260405001718.0 | ||
| 041 | _afre | ||
| 042 | _adc | ||
| 100 | 1 | 0 |
_aPascal, Blaise _eauthor |
| 245 | 0 | 0 | _aRésonances / Mars 2014 |
| 260 | _c2014. | ||
| 500 | _a58 | ||
| 690 | _aAlain Soral | ||
| 690 | _aArgent | ||
| 690 | _aAvortement | ||
| 690 | _aConservatisme | ||
| 690 | _aConstitution Tunisie | ||
| 690 | _aDématérialisation | ||
| 690 | _aDroit | ||
| 690 | _aEnnahda | ||
| 690 | _aExtrême droite | ||
| 690 | _aFarida Belghoul | ||
| 690 | _aFinances | ||
| 690 | _aGender studies | ||
| 690 | _aGenre | ||
| 690 | _aIntégrisme | ||
| 690 | _aJudith Butler | ||
| 690 | _aLégislation | ||
| 690 | _aLoi | ||
| 690 | _aMohamed Sahbi Khalfaoui | ||
| 690 | _aOndes | ||
| 690 | _aOndes électro-magnétiques | ||
| 690 | _aPiratage | ||
| 690 | _aPolitique | ||
| 690 | _aPrévention | ||
| 690 | _aQueer | ||
| 690 | _aReligion | ||
| 690 | _aRisque | ||
| 690 | _aSexe | ||
| 690 | _aUlrich Beck | ||
| 786 | 0 | _nPhilosophie magazine | 77 | 3 | 2014-03-01 | p. 7-7 | 1951-1787 | |
| 856 | 4 | 1 | _uhttps://shs.cairn.info/magazine-philosophie-magazine-2014-3-page-7?lang=fr&redirect-ssocas=7080 |
| 999 |
_c2050295 _d2050295 |
||